MARC

LEADER 00000nam0a2200000 4500
001 672184
005 20240409155341.0
035 |a (RuTPU)RU\TPU\book\134765 
090 |a 672184 
100 |a 20240409d1932 km|y0rusy50 ca 
101 0 |a rus 
102 |a RU 
105 |a a z 001zy 
181 0 |a i   |b  e  
182 0 |a n 
183 0 |a nc  |2 RDAcarrier 
200 1 |a Расчет винта по вихревой теории  |f Центральный аэрогидродинамический институт ; Г. И. Кузьмин 
210 |a Москва  |a Ленинград  |c Государственное авиационное и автотракторное издательство  |d 1932 
215 |a 56 с.  |c ил. 
225 1 |a Труды Центрального аэро-гидродинамического института  |v Вып. 132 
283 |a volume 
606 |a Аэродинамические установки  |2 stltpush  |3 (RuTPU)RU\TPU\subj\29887  |9 53119 
610 1 |a самолеты 
610 1 |a вихревая теория 
610 1 |a аэродинамические условия 
610 1 |a сечения 
610 1 |a винты 
610 1 |a прочность 
610 1 |a напряжения 
610 1 |a вычерчивание 
610 1 |a уравнения 
610 1 |a центробежные силы 
610 1 |a расчеты 
610 1 |a изгиб 
675 |a 533.6.07  |v 3 
700 |a Кузьмин  |b Г. И. 
712 0 2 |a Центральный аэрогидродинамический институт (ЦАГИ)  |c (Москва)  |3 (RuTPU)RU\TPU\col\4446 
801 1 |a RU  |b 63413507  |c 20240409  |g PSBO 
801 2 |a RU  |b 63413507  |c 20240409  |g PSBO 
942 |c CR